| 000 | 00665nam a22001937a 4500 | ||
|---|---|---|---|
| 999 |
_c194119 _d194119 |
||
| 005 | 20221207165530.0 | ||
| 010 | _aUR-11775 | ||
| 020 |
_a9789392496103 _c245.00 |
||
| 035 | _aU-10330 | ||
| 037 |
_bDBAD/PUB _a- |
||
| 082 | _a840.8 | ||
| 100 | _aعابد علی خاں | ||
| 245 |
_aما لیر کوٹلہ اردو نثر کو دین / _cعابد علی خاں _hا ر د و |
||
| 246 |
_aMalerkotla ki urdu nasr ko den / _bby Abid Ali Khan |
||
| 260 |
_aNew Delhi _bEducational Publishing House _c2021 ء |
||
| 270 |
_aH.O. D1/16, Ansari Road, Daryaganj _bNew Delhi _e110002 |
||
| 300 |
_a256 ص _c22cm(Hb) |
||
| 942 |
_2ddc _cUR _h840.8 _mع ا ب |
||